[Event "Bratislava Doprastav op"]
[Site "Bratislava"]
[Date "2008.06.29"]
[Round "2"]
[White "Danada, Ondrej"]
[Black "Meszaros, Vojtech"]
[Result "0-1"]
[WhiteElo "1821"]
[BlackElo "1749"]
[PlyCount "56"]
[EventDate "2008.06.28"]
[EventType "swiss"]
[EventRounds "7"]
[EventCountry "SVK"]
[SourceTitle "CBM 125 Extra"]
[Source "ChessBase"]
[SourceDate "2008.09.01"]
[SourceVersion "1"]
[SourceVersionDate "2008.09.01"]
[SourceQuality "1"]

1. e4 e5 2. Nf3 Nc6 3. d4 exd4 4. Bc4 Bb4+ 5. c3 dxc3 6. bxc3 Qf6 7. Qb3 Bc5 8. 0-0 Na5 9. e5 Qe7 10. Qb5 Nxc4 11. Qxc4 b6 12. Nbd2 Bb7 13. Ne4 Bxe4 14. Qxe4 Qd8 15. Qg4 g6 16. Rd1 Qe7 17. Qe4 c6 18. Nd4 Nf6 19. Qf3 Nd5 20. c4 Bxd4 21. cxd5 Bxa1 22. dxc6 0-0 23. Ba3 Qxe5 24. Bxf8 dxc6 25. Bd6 Qc3 26. Qe4 Rd8 27. Qe7 Qf6 28. Qc7 Be5 0-1